Statistics for Neighborhoods of Milwaukee on a Map

Click here to take the quiz!

General Stats

  • This quiz has been taken 14 times
  • The average score is 23 of 190

Answers on the Map

Answers color-coded by a green-red scale on the quiz's map according to % correct below.
 

Answer Stats

Answer% Correct
Bay View
71%
Historic Third Ward
71%
Walker's Point
71%
Lower East Side
57%
Brewer's Hill
43%
Jones' Island
43%
Lincoln Village
43%
Marquette
43%
Mitchell Field
43%
Upper East Side
43%
Amani
29%
Clarke Square
29%
Downer Woods
29%
Fernwood
29%
Granville Station
29%
Granville Woods
29%
Harambee
29%
Jackson Park
29%
Juneau Town
29%
Lake Park
29%
Miller Valley
29%
North Granville
29%
Old North Milwaukee
29%
Park View
29%
Riverwest
29%
Saveland Park
29%
Sherman Park
29%
The Valley
29%
Timmerman Airport
29%
Timmerman West
29%
Tippecanoe
29%
Town of Lake
29%
Triangle
29%
Triangle North
29%
Wilson Park
29%
Zoo
29%
Alcott Park
14%
Alverno
14%
Arlington Gardens
14%
Arlington Heights
14%
Avenues West
14%
Brynwood
14%
Burnham Park
14%
Cannon Park
14%
Castle Manor
14%
College Heights
14%
Columbus Park
14%
Concordia
14%
Cooper Park
14%
Copernicus Park
14%
Dineen Park
14%
Enderis Park
14%
Fairfield
14%
Fair Park
14%
Fairview
14%
Franklin Heights
14%
Golden Valley
14%
Grantosa
14%
Green Manor
14%
Hampton Heights
14%
Harbor View
14%
Havenwoods
14%
Hillside
14%
Historic Mitchell Street
14%
Holler Park
14%
Johnson's Woods
14%
Kilbourn Town
14%
King Park
14%
Kops Park
14%
Layton Park
14%
Lenox Heights
14%
Lincoln Creek
14%
Lincoln Park
14%
Long View
14%
Lyons Park
14%
Menomonee River Valley
14%
Midtown
14%
Mitchell Park
14%
Mitchell West
14%
Morgandale
14%
Morgan Heights
14%
Mount Mary
14%
Murray Hill
14%
Nash Park
14%
North Division
14%
Northpoint
14%
Northridge
14%
Northridge Lakes
14%
Park Place
14%
Polonia
14%
River Bend
14%
Riverside Park
14%
Rolling Green
14%
Roosevelt Grove
14%
Root Creek
14%
Rufus King
14%
Saint Joseph
14%
Schlitz Park
14%
Silver Spring
14%
Southgate
14%
Southpoint
14%
Story Hill
14%
Uptown
14%
Veterans Affairs
14%
Washington Heights
14%
Washington Park
14%
Wedgewood
14%
West View
14%
Wick Field
14%
Yankee Hill
14%
Baran Park
0%
Bluemound Heights
0%
Borchert Field
0%
Bradley Estates
0%
Brown Deer Park
0%
Buchel Park
0%
Calumet Farms
0%
Cambridge Heights
0%
Capitol Heights
0%
Clayton Crest
0%
Clock Tower Acres
0%
Cold Spring Park
0%
Dretzka Park
0%
Estabrook Park
0%
Euclid Park
0%
Florist Highlands
0%
Forest Home Hills
0%
Freedom Village
0%
Garden Homes
0%
Golden Gate
0%
Goldman Park
0%
Graceland
0%
Gra-Ram
0%
Grasslyn Manor
0%
Grover Heights
0%
Halyard Park
0%
Harder's Oaks
0%
Hawley Farms
0%
Hawthorne Glen
0%
Haymarket
0%
Heritage Heights
0%
Highwood Estates
0%
Hilltop Parish
0%
Honey Creek Manor
0%
Honey Creek Parkway
0%
Land Bank
0%
Lindsay Park
0%
Little Menomonee Parkway
0%
Mack Acres
0%
Maitland Park
0%
Maple Tree
0%
Martin Drive
0%
McGovern Park
0%
Melody View
0%
Menomonee River Hills
0%
Menomonee River Hills East
0%
Menomonee River Parkway
0%
Merrill Park
0%
Metcalfe Park
0%
Mill Valley
0%
Mount Olivet
0%
Muskego Way
0%
National Park
0%
New Coeln
0%
North Meadows
0%
Park Knoll
0%
Parkway Hills
0%
Pheasant Run
0%
Pollber Heights
0%
Red Oak Heights
0%
Ridgeview
0%
Riverton Heights
0%
Servite Woods
0%
Silver City
0%
Silver Swan
0%
St. Amelian's
0%
Sunset Heights
0%
Thurston Woods
0%
Town & County Manor
0%
Tripoli Park
0%
Valhalla
0%
Valley Forge
0%
Vogel Park
0%
Wahl Park
0%
Walnut Hill
0%
Whispering Hills
0%
White Manor
0%
Williamsburg
0%
Woodland Court
0%
Wyrick Park
0%

Score Distribution

Percentile by Number Answered

Percent of People with Each Score

Your Score History

You have not taken this quiz